Caricamento...

Paavakaliyude kadha /

Dettagli Bibliografici
Autore principale: Maanik Vaadhyopaadyaya
Natura: Printed Book
Lingua:Malayalam
Pubblicazione: Sahitya Academy , 1968.
LEADER 00443nam a2200145Ia 4500
008 150624b xxu||||| |||| 00| | mal d
082 |a M 
100 |a Maanik Vaadhyopaadyaya 
245 |c Maanik Vaadhyopaadyaya  |a Paavakaliyude kadha / 
260 |b Sahitya Academy ,  |c 1968. 
300 |a 294 p. 
546 |a In Malayalam. 
942 |c BK 
999 |c 72820  |d 72820 
952 |0 1  |1 0  |4 0  |6 M  |7 0  |9 72766  |a UL  |b UL  |c ST1  |d 1998-08-28  |l 0  |o M   |p 6944  |r 2015-01-29  |w 2012-10-27  |y BK